| 000 | 00683naa a22002057a 4500 | ||
|---|---|---|---|
| 001 | 196233 | ||
| 003 | ES-MaBCM | ||
| 005 | 20230301073116.0 | ||
| 008 | 140414b2014 sp ||||| |||| 00| 0 spa d | ||
| 021 | _axx | ||
| 035 | _a(OCoLC)1365228392 | ||
| 040 | _cES-MaBCM | ||
| 100 | 1 |
_9117635 _aTurienzo Veiga, Ángel |
|
| 245 |
_aLos bienes jurídicos a proteger por el derecho penal militar y su relación con el tratamiento penitenciario militar _cÁngel Turienzo Veiga |
||
| 650 | 2 | 7 |
_aDerecho penal militar _2 _958348 |
| 650 | 2 | 7 |
_aCárcel _2 _959891 |
| 651 | 4 |
_aEspaña _9115342 |
|
| 773 | 0 |
_aEn _dMadrid _gNº 106 (en.-feb. 2014), p. 5-12 _tLa Ley penal _w105587 |
|
| 942 |
_2udc _cAREV |
||
| 999 |
_c196233 _d196233 |
||